Estadísticas para Países en la página de España en Wikipedia

Haz click aquí para intentar la prueba.

Estadísticas generales

  • Esta prueba ha sido intentada 46 veces
  • La puntuación promedio es 19 de 27

Estadísticas de respuestas

FrecuenciaContextoPaís% Correcto
22Comparte fronteras terrestres con ...Francia
100%
18Comparte fronteras terrestres con ...Portugal
100%
13En sus territorios africanos, comparte fronteras terrestres y marítimas con ...Marruecos
98%
14Las principales corrientes europeas que influyeron en el arte español provinieron de ...Italia
95%
7En la batalla de Trafalgar, una escuadra hispano-francesa fue derrotada por ...Reino Unido
95%
4Comparte fronteras terrestres con ...Andorra
93%
10
El 15 de febrero de 1898 en el puerto de La Habana, ... declararon la guerra a España
Estados Unidos
90%
2El gas procedente de sus socios magrebíes, especialmente ...Argelia
88%
3A pesar del esfuerzo bélico de los realistas, al concluir el conflicto únicamente las islas de ... y Puerto RicoCuba
88%
5
La alta velocidad ferroviaria española se convirtió en la segunda más extensa del mundo, solo superada por ...
China
80%
2Que terminó con la división del territorio en un norte protestante ... y un sur católicoPaíses Bajos
80%
12Aunque no tan numerosas como los anteriores, son también relevantes las comunidades procedentes de ...Alemania
78%
1España perdió sus últimas colonias: ...Filipinas
73%
1En extensión territorial es el cuarto país de Europa, por detrás de ...Rusia
73%
1En extensión territorial es el cuarto país de Europa, por detrás de ...Ucrania
71%
2La circunnavegación de África que permitiera una ruta marítima hasta ...India
63%
1Ser bastante elevado, con una altitud media de 660 metros, y montañoso si se compara con el resto de países de Europa, con excepción de ...Suiza
63%
3Significara la pérdida de los territorios de Flandes e Italia en beneficio de ...Austria
61%
1Por origen, los principales grupos nacionales presentes en España en 2021, según el INE, procedían de ... (297 934)Colombia
61%
2Que provocaron que España apoyara las intervenciones militares estadounidenses en ...Irak
59%
1Por origen, los principales grupos nacionales presentes en España en 2021, según el INE, procedían de ... (658 773)Rumania
54%
1Aunque no tan numerosas como los anteriores, son también relevantes las comunidades procedentes de ...Venezuela
51%
1Es la menos utilizada de los países con redes integrales similares, como ...Japón
49%
2Que provocaron que España apoyara las intervenciones militares estadounidenses en ...Afganistán
46%
1Acabó extendiéndose significativamente a las colonias españolas en América, en especial a Nueva España y ...Perú
44%
2El 14 de noviembre de 1975 ... emitieron en Madrid una declaración de principios sobre el Sáhara OccidentalMauritania
32%
1Ser bastante elevado, con una altitud media de 660 metros, y montañoso si se compara con el resto de países de Europa, con excepción de ...Liechtenstein
29%

Distribución de puntuación

Porcentaje por número respondido

Porcentaje de gente con cada puntuación

Historial de tus puntuaciones

No has intentado esta prueba.